Middle Tennessee Basketball: Top 10 All-Time Leaders - Statistics

General Stats
  • This quiz has been taken 1 time
    0 since last reset
  • The average score is 0 of 90
Answer Stats
Category # Player Amount % Correct
Three Pointers Made 5 Antonio Green 181
0%
Rebounds 7 Bennett Jent 745
0%
Points Per Game 5 Bob Burden 17.5
0%
Rebounds 9 Chris Harris 707
0%
Blocks 6 Chris Ingram 81
0%
Points T9 Chris Rainey 1,426
0%
Assists 7 Chris Rainey 326
0%
Three Pointers Made 6 Chris Rainey 180
0%
Field Goal Percent 8 Chris Rainey 49.3%
0%
Points 1 Desmond Yates 1,775
0%
Field Goal Percent 3 Desmond Yates 55.3%
0%
Assists 5 Donovan Sims 350
0%
Steals T2 Donovan Sims 156
0%
Three Pointers Made 7 Donovan Sims 177
0%
Games T1 Donovan Sims 140
0%
Assists 3 Duane Washington 452
0%
Steals 9 Duane Washington 134
0%
Rebounds 8 Dwayne Rainey 723
0%
Rebounds 10 Ed Cannon 704
0%
Assists 9 Ed Perry 303
0%
Games T3 Edward Simpson 134
0%
Three Pointers Made 10 Elias King 150
0%
Three Pointers Made 9 Eli Lawrence 157
0%
Three Pointers Made 8 Freddie Martinez 172
0%
Assists 2 Gerald Harris 463
0%
Steals 7 Gerald Harris 139
0%
Points 2 Giddy Potts 1,645
0%
Steals 5 Giddy Potts 148
0%
Three Pointers Made 1 Giddy Potts 286
0%
Games T3 Giddy Potts 134
0%
Field Goal Percent 4 Greg Joyner 54.9%
0%
Points Per Game 4 Greg Joyner 17.6
0%
Points Per Game 3 Herman Sykes 18.1
0%
Games 7 James Gallman 130
0%
Assists 8 James Johnson 313
0%
Steals 8 James Johnson 136
0%
Rebounds 6 Jerry Beck 802
0%
Field Goal Percent 2 Jerry Beck 59.4%
0%
Points Per Game 6 Jerry Beck 16.7
0%
Points Per Game 9 Jimmy Powell 16.2
0%
Blocks 10 J.T. Sulton 65
0%
Games 5 J.T. Sulton 133
0%
Blocks 8 Justin Bufford 73
0%
Games 8 Karl Gamble 127
0%
Rebounds 3 Ken Riley 924
0%
Points 4 Kerry Hammonds 1,616
0%
Rebounds 2 Kerry Hammonds 955
0%
Games T9 Kerry Hammonds 124
0%
Assists 1 Kevin Kanaskie 485
0%
Steals 10 Kevin Kanaskie 127
0%
Three Pointers Made 3 Kevin Kanaskie 207
0%
Games T9 Kevin Kanaskie 124
0%
Points Per Game 2 Kim Cooksey 18.1
0%
Blocks 2 Lee Nosse 166
0%
Field Goal Percent 9 Leroy Coleman 49.2%
0%
Assists 10 Nigel Johnson 292
0%
Points Per Game 10 Nod Carter 16.0
0%
Points 8 Randy Henry 1,484
0%
Field Goal Percent 5 Randy Henry 54.6%
0%
Points 5 Reggie Upshaw 1,571
0%
Rebounds 4 Reggie Upshaw 910
0%
Steals 4 Reggie Upshaw 151
0%
Blocks 5 Reggie Upshaw 110
0%
Games T1 Reggie Upshaw 140
0%
Assists 4 Richard Duncan 399
0%
Steals 1 Richard Duncan 190
0%
Field Goal Percent 7 Rick Campbell 50.6%
0%
Points Per Game 7 Rick Campbell 16.3
0%
Points 3 Robert Taylor 1,622
0%
Three Pointers Made 2 Robert Taylor 222
0%
Points Per Game 8 Robert Taylor 16.2
0%
Blocks 3 Shawn Jones 163
0%
Games 6 Shawn Jones 131
0%
Blocks 4 Teafale Lenard 118
0%
Blocks 9 Theryn Hudson 70
0%
Assists 6 Tim Gaither 342
0%
Steals 6 Tim Gaither 145
0%
Points T9 Tim Sisneros 1,426
0%
Rebounds 5 Tim Sisneros 846
0%
Field Goal Percent 6 Tim Sisneros 52.9%
0%
Points 6 Tommy Gunn 1,528
0%
Steals T2 Tommy Gunn 156
0%
Three Pointers Made 4 Tommy Gunn 185
0%
Blocks 7 Trevor Ottley 79
0%
Field Goal Percent 10 Tyrus Baynham 49.1%
0%
Rebounds 1 Warren Kidd 1,048
0%
Blocks 1 Warren Kidd 185
0%
Field Goal Percent 1 Warren Kidd 66.4%
0%
Points 7 Willie Brown 1,524
0%
Points Per Game 1 Willie Brown 20.3
0%
No matching quizzes found
Score Distribution
Percent of People with Each Score
Percentile by Number Answered
Your Score History
You have not taken this quiz since the last reset